| 000 | 00461 a2200145 4500 | ||
|---|---|---|---|
| 020 | _a0070540896 | ||
| 040 |
_aDLC _bDLC |
||
| 245 |
_a Accounting: the basis for business decisions _bJerry J. Weygandt, Donald E. Kieso, Walter G. Kell |
||
| 250 | _a11th | ||
| 260 |
_aBoston: _bIrwin/McGraw-Hill, _c1999. |
||
| 300 |
_axxvi, 1104 p. : _bill. ; _c28 cm. |
||
| 500 | _aIncludes bibliographical references and index | ||
| 650 | _a Accounting. | ||
| 942 |
_cBK _k657 MEI _2ddc |
||
| 999 |
_c4728 _d4728 |
||